000
00242 a2200097 4500
001
39801
100
_a
M Inayet Ullah
245
_a
Uondlus Ka Tareekh-e-jughraphia
260
_a
Lahore
_b
Sang-e-Meel Publications
_c
1987
090
_c
24806
_d
24806
942
_a
NUST-CAE
_c
M
_c
16454
999
_c
274874
_d
274874